Ankara Halkevi bir yıl içinde 475.651 yurddaşı çatısı altında topladı (Record no. 7413)
[ view plain ]
| 000 -BAŞLIK | |
|---|---|
| Sabit Uzunlukta Kontrol Alanı | 00917na a2200277 4500 |
| 001 - KONTROL NUMARASI | |
| Denetim Alanı | 18163 |
| 003 - KONTROL NUMARASI IDENTIFIER | |
| Denetim Alanı | MIRAKIL |
| 005 - SON İŞLEM TARİHİ VE ZAMANI | |
| Denetim Alanı | 20181213155138.0 |
| 008 - SABİT-BOY VERİ ELEMANLARI - GENEL BİLGİLER | |
| Sabit Uzunlukta Kontrol Alanı | 170213b tu 000 0 |
| 035 ## - SİSTEM KONTROL NUMARASI | |
| Sistem Kontrol Numarası | 18163 |
| 040 ## - KATALOGLAMA KAYNAK | |
| Orijinal Kataloglama Ajansı | Milas |
| Kataloglama Dili | tur |
| Metne Dönüştürmek Ajansı | TR-AnCHP |
| 041 ## - DİL KODU | |
| Metin / Ses Parça Veya Ayrı Başlığın Dil Kodu | tur |
| 082 ## - DEWEY ONLU SINIFLANDIRMA NUMARASI | |
| Sınıflandırma Numarası | Halkevleri 366 |
| Ürün Numarası | A54a 1938 |
| 090 ## - SINIFLAMA NUMARASI | |
| Sınıflama Numarası | Halkevleri 366 A54a 1938 |
| 110 ## - ANA GİRİŞ - KURUMSAL ADI | |
| Giriş Elemanı Olarak Kurumsal Ad Veya Yargı Alanı Adı | Ankara Halkevi |
| 245 ## - BAŞLIK TABLOSU | |
| Başlık | Ankara Halkevi bir yıl içinde 475.651 yurddaşı çatısı altında topladı |
| Başlığın Kalan | 1937-1938 |
| Sorumluluk Tablosu, Vb | Ankara Halkevi |
| 246 ## - UNVAN FORM VARYING | |
| Başlık Doğru / Kısa Başlığı | Ankara Halkevi 1937-1938 çalışmaları |
| 260 ## - YAYIN, DAĞITIM, VB | |
| Yayın, Dağıtım, Vb Yeri | Ankara |
| Yayıncı, Dağıtıcı, Vs Adı | [yayl.y.] |
| Yayın, Dağıtım, Vb Tarihi | 1938 |
| Üretici Firma | Alaeddin Kıral Basımevi |
| 300 ## - FİZİKSEL TANIM | |
| Kapsam | 82 s. |
| Diğer Fiziksel Ayrıntıları | fotğ.; grf. |
| Boyutlar | 23 sm. |
| 610 ## - KONU KATMA GİRİŞ - TOPLANTI ADI | |
| Giriş Elemanı Olarak Kurumsal Ad Veya Yargı Alanı Adı | Ankara Halkevi |
| Genel Alt Bölüm | Etkinlikler |
| 610 ## - KONU KATMA GİRİŞ - TOPLANTI ADI | |
| Giriş Elemanı Olarak Kurumsal Ad Veya Yargı Alanı Adı | Ankara Halkevi |
| Coğrafi Alt Bölüm | Çalışmalar, 1937-38 |
| 610 ## - KONU KATMA GİRİŞ - TOPLANTI ADI | |
| Giriş Elemanı Olarak Kurumsal Ad Veya Yargı Alanı Adı | CHP |
| Genel Alt Bölüm | Halkevleri |
| Coğrafi Alt Bölüm | Ankara |
| 650 ## - KONU KATMA GİRİŞ - TOPİKAL DÖNEM | |
| Topikal Süreli Veya Coğrafi Ad Giriş Elemanı | Halkevleri |
| Genel Alt Bölümü | Çalışmalar, 1937-38 |
| Coğrafi Alt Bölümü | Ankara |
| 942 ## - EKLENDİ GİRİŞ ELEMANLARI (KOHA) | |
| Sınıflandırma Veya Raf Düzeni Kaynak | Dewey Decimal Classification |
| Koha Öğesi Türü | Books |
| 999 ## - SİSTEM KONTROL NUMARALARI (KOHA) | |
| Koha Biblionumber | 7413 |
| Koha Biblioitemnumber | 7413 |
| Kalıcı Konum | Mevcut Konum | Edinme Tarihi | Edinim Kaynak | Toplam Check-Out'Lar | Tam Çağrı Numarası | Barkod | Tarih Son Görülme | İtibaren Geçerli Fiyatlar | Koha Öğesi Türü | Kopya Sayısı |
|---|---|---|---|---|---|---|---|---|---|---|
| CHP Kütüphanesi | CHP Kütüphanesi | 11/14/2016 | Bağış | Halkevleri 366 A54a 1938 | 008628 | 11/14/2016 | 11/14/2016 | Books | ||
| CHP Kütüphanesi | CHP Kütüphanesi | 02/13/2017 | Bağış | Halkevleri 366 A54a 1938 | 016005 | 02/13/2017 | 02/13/2017 | Books | k.2 |
